000 00276nam a2200109Ia 4500
005 20251222114359.0
008 251222s1900||||xx |||||||||||||| ||spa||
082 _aDVD0150/W73/1965
245 0 _aLa novicia rebelde: The sound of music
264 _b20th Century Fox
942 _cDVD
999 _c1558
_d1558